|
|
|
|
| LEADER |
01103nam a2200241 a 4500 |
| 001 |
GR-Patra15722 |
| 008 |
030724s1998 gr g b 000 0 gre d |
| 020 |
|
|
|a 9602780975
|
| 040 |
|
|
|a GrPaTEI
|b gre
|c GR-PaULI
|
| 040 |
|
|
|a GrPaTEI
|b gre
|c GR-PaULI
|
| 100 |
1 |
|
|a Lorraine, Barbarash
|
| 245 |
1 |
0 |
|a Παιχνίδια από όλο τον κόσμο /
|c Lorraine Barbarash ; μετάφραση: Μαρίνα Μουρατίδου.
|
| 260 |
|
|
|a Θεσσαλονίκη :
|b εκδόσεις Salto,
|c c1998
|
| 300 |
|
|
|a 159σ.
|
| 500 |
|
|
|a 75 κινητά παιχνίδια από 43 χώρες και ηπείρους
|
| 500 |
|
|
|a Τίτλος πρωτοτύπου: Multicultural games
|
| 504 |
|
|
|a Περιλαμβάνει βιβλιογραφία.
|
| 650 |
|
4 |
|a ΠΑΙΧΝΙΔΙΑ
|
| 700 |
1 |
|
|a Μουρατίδου, Μαρίνα
|
| 942 |
|
|
|2 ddc
|
| 952 |
|
|
|0 0
|1 0
|2 ddc
|4 0
|6 794_000000000000000_LOR
|7 0
|9 295036
|a LISK
|b LISK
|c BSC
|d 2021-01-17
|e 24
|f 0
|g 0.00
|l 0
|o 794 LOR
|p 92410021048
|r 2021-01-17 00:00:00
|t 1
|w 2021-01-17
|y BK15
|x 20030724 0 1
|x GrPaTEI
|
| 971 |
|
|
|a .b26632378
|b 16-04-20
|c 23-09-16
|
| 999 |
|
|
|c 172141
|d 172141
|